| 000 | 00527nam a2200097Ia 4500 | ||
|---|---|---|---|
| 008 | 170517s9999 xx 000 0 und d | ||
| 245 | _aMark Cuban: How I Became a Billionaire | ||
| 300 | _aEntrepreneur Mark Cuban never calls timeout. He says, in football you play 60 minutes, in basketball 48 minutes, but in business it's 24/7/365 and the whole world is trying to kick your ass. Keeping in mind that motto he... | ||
| 650 | _xBusiness and Economics. | ||
| 856 | _uhttp://topdocumentaryfilms.com/mark-cuban-how-became-billionaire/ | ||
| 999 |
_c333272 _d333272 |
||